သဲအင်းဂူဆရာတော်ဘုရား၏ဒိဋ္ဌိသတ်-တဏှာသတ် နှင့် မဂ်လေးပါး / (Record no. 41089)

000 -LEADER
fixed length control field 00941nam a22001937a 4500
003 - CONTROL NUMBER IDENTIFIER
control field OSt
005 - DATE AND TIME OF LATEST TRANSACTION
control field 20241119152959.0
008 - FIXED-LENGTH DATA ELEMENTS--GENERAL INFORMATION
fixed length control field 220713b ||||| |||| 00| 0 eng d
040 ## - CATALOGING SOURCE
Transcribing agency SSBUL
082 ## - DEWEY DECIMAL CLASSIFICATION NUMBER
Edition number 23
Classification number ၂၉၄.၃၄၄၃၅ အုံး
Item number ၉၁၈၁ S-SAT
100 0# - MAIN ENTRY--PERSONAL NAME
Personal name အုံးခင် ၊ ဦး(မိုးကြိုး)
9 (RLIN) 55338
245 1# - TITLE STATEMENT
Title သဲအင်းဂူဆရာတော်ဘုရား၏ဒိဋ္ဌိသတ်-တဏှာသတ် နှင့် မဂ်လေးပါး /
Statement of responsibility, etc. မိုးကြိုး-ဦးအုံးခင်။
260 ## - PUBLICATION, DISTRIBUTION, ETC.
Place of publication, distribution, etc. ရန်ကုန် ၊
Name of publisher, distributor, etc. ဗမာ့ခေတ်စာပေ၊
Date of publication, distribution, etc. ၁၉၇၀။
300 ## - PHYSICAL DESCRIPTION
Extent ၃၆၄ စာမျက်နှာ ၊
Dimensions ၁၇ စင်တီ။
500 ## - GENERAL NOTE
General note S-SAT: Dr Sai Aung Tun Collection
650 ## - SUBJECT ADDED ENTRY--TOPICAL TERM
Topical term or geographic name entry element သစ္စာလေးပါး
9 (RLIN) 7268
Source of heading or term ကမ္မဋ္ဌာန်း
942 ## - ADDED ENTRY ELEMENTS (KOHA)
Koha item type Book (Short term)
Source of classification or shelving scheme
Holdings
Withdrawn status Lost status Source of classification or shelving scheme Damaged status Not for loan Collection code Permanent Location Current Location Shelving location Date acquired Total Checkouts Full call number Barcode Date last seen Price effective from Koha item type Accession
          Special Collections Shan State Buddhist University Library Shan State Buddhist University Library Special Collection Shelves 19/11/2024   ၂၉၄.၃၄၄၃၅ အုံး ၉၁၈၁ S-SAT MB00009181 19/11/2024 19/11/2024 Book (Short term) ၉၁၈၁ S-SAT

Library - 09407999929
Admin Office - 09407999979
Dean Office - 09250910768
Registrar Office - 09892297154
Email - [email protected]
Shan State Buddhist University, Phaya Phyu Taunggyi, Shan State, Myanmar.